000 00725cab a22001935a 4500
001 L157256
008 121008e2012 xxk 000 0 eng d
035 _a(Sirsi) u157256
041 0 _aeng
100 1 _aIves, Paul
245 0 0 _aWhere's hot and where's not
260 _c2012
490 0 _aSustainablebuilding inc Propertyforecast
_v(69) September 2012, 14-15(2)
520 _aSeeks to read the office letting trends in the central London market (City, West End, Midtown and other areas) based on the pattern of the rents occupiers are willing to pay, the location of hotspots, and the forecasts of likely future trends.
590 _aKA
651 4 _aLondon
690 _aCommercial property
_96227
942 _n0
999 _c84312
_d84312